Ricostruisci la Carriera del Calciatore - Danny Drinkwater - Statistics

Statistiche generali
  • Questo quiz è stato fatto 3 volte
  • Il punteggio medio è 3 su 12
Statistiche sulle risposte
Hint Risposta % Corretto
2012-2017 Leicester City
100%
2011-2012 Barnsley
67%
2017-2019 Chelsea
67%
2021 Kasımpaşa
33%
2008-2009 Manchester Utd
33%
2021-2022 Reading
33%
2020 Aston Villa
0%
2019-2020 Burnley
0%
2010-2011 Cardiff City
0%
2020-2021 Chelsea
0%
2009-2010 Huddersfield Town
0%
2011 Watford
0%
Nessun quiz corrispondente trovato
Distribuzione punteggi
Percentuale di utenti per punteggio
Percentile per numero di risposta
I tuoi punteggi nel tempo
Non hai fatto questo quiz